000 00943nam a22002417a 4500
003 UA-OsUOA
001 48820
007 ta
008 20130814b un ||||| |||| 00| 0 ukr d
100 _aМарунчак М.
090 _a282
_bМ29
942 _cBR
040 _aUA-OsUOA
_bukr
_cUA-OsUOA
_dUA-OsUOA
245 _aДо організаційних початків української католицької церкви в Канаді а ЗСА
300 _a31 с.
955 _a4
041 _aukr
080 _a282
260 _aВінніпег
_bРада Українських Організацій за Патріярхат Української Католицької Церкви
_c1974
650 7 _a282 Римсько-католицька церква (Західна церква)
_2UDC
999 _c428943
_d428943